000 00547cam a2200181 4500500
005 20260405001819.0
041 _afre
042 _adc
100 1 0 _aLe Brun, Annie
_eauthor
245 0 0 _aMon bon génie. X ou le jeu poétique
260 _c2014.
500 _a50
690 _aAnnie Le Brun
690 _aBêtise
690 _aintelligence
786 0 _nPhilosophie magazine | 82 | 9 | 2014-09-01 | p. 38-38 | 1951-1787
856 4 1 _uhttps://shs.cairn.info/magazine-philosophie-magazine-2014-9-page-38?lang=fr&redirect-ssocas=7080
999 _c2051341
_d2051341